Reforming fiscal federalism and local government beyond the zero-sum game

Salvato in:
Dettagli Bibliografici
Autore principale: Blöchliger, Hansjörg
Altri autori: Vammalle, Camila
Natura: Libro
Lingua:inglese
Pubblicazione: Paris OECD 2012
Serie:OECD fiscal federalism studies
Soggetti:
Tags: Aggiungi Tag
Nessun Tag, puoi essere il primo ad aggiungerne!!

MARC

LEADER 00000nam a2200000 4500
001 0168717
005 20240315121153.1
020 |a 978-92-64-09841-1 
041 0 |a eng 
044 |a FR 
245 1 0 |a Reforming fiscal federalism and local government  |b beyond the zero-sum game 
264 1 |a Paris  |b OECD  |c 2012 
300 |a 135 s. 
490 1 |a OECD fiscal federalism studies 
830 0 |a OECD fiscal federalism studies 
610 2 0 |a politika fiškálna 
610 2 0 |a správa štátna 
610 2 0 |a Austrália 
610 2 0 |a Rakúsko 
610 2 0 |a Belgicko 
610 2 0 |a Kanada 
610 2 0 |a Dánsko 
610 2 0 |a Fínsko 
610 2 0 |a Taliansko 
610 2 0 |a Portugalsko 
610 2 0 |a Španielsko 
610 2 0 |a Švajčiarsko 
100 1 |a Blöchliger, Hansjörg 
700 1 |a Vammalle, Camila